000 00309nam a22001337a 4500
008 181018b xxu||||| |||| 00| 0 eng d
020 _a9780471850809
041 _aeng
080 _a159.9
100 _a49
101 _aPSI
245 _aThe Rorschach: A Comprehensive System
_cExner, J.E
942 _2udc
_cBK
999 _c50170
_d50170